Flagi państw Oceanii - nagła śmierć - Statystyki

Ogólne statystyki
  • Ten quiz został rozwiązany 94 razy
  • Średni wynik to 10 z 14
Answers on the Grid
Answers color-coded by a green-red scale on the quiz's grid according to % correct below.
 
Statystyki odpowiedzi
Odpowiedź % Poprawnych
Nowa Zelandia
90%
Tuvalu
88%
Australia
88%
Fidżi
80%
Kiribati
78%
Nauru
76%
Wyspy Marshalla
76%
Mikronezja
73%
Palau
71%
Papua-Nowa
Gwinea
71%
Tonga
68%
Vanuatu
63%
Samoa
63%
Wyspy Salomona
61%
Nie znaleziono quizów pasujących do podanych kryteriów
Rozkład punktacji
Procent ludzi z każdym wynikiem
Percentyl według liczby udzielonych odpowiedzi
Twoja historia wyników
Nie rozwiązałeś tego quizu